| 000 | 00661nam a2200205 i 4500 | ||
|---|---|---|---|
| 001 | 33633 | ||
| 003 | ES-MaACL | ||
| 005 | 20230906154807.0 | ||
| 007 | t| | ||
| 008 | 030203s1978 sp |||| | spa d | ||
| 100 | 1 |
_aBettelheim, Charles. _928678 |
|
| 245 | 1 | 0 |
_aChina después de Mao / _cCh. Bettelheim, K.S. Karol, R. Rossanda ; [traducción: Antoni Munné]. |
| 260 |
_aBarcelona : _bEl Viejo Topo, _c[1978] |
||
| 300 |
_a196 p. ; _c22 cm. |
||
| 651 | 4 |
_aChina- _xPolítica y gobierno- _y1976-2002. _98058 |
|
| 700 | 1 |
_aKarol, K. S. _967574 |
|
| 700 | 1 |
_aRossandra, Rossana. _999827 |
|
| 700 | 1 |
_aMunné i Tomàs, Antoni. _984213 |
|
| 852 |
_aES-MaACL _jA-8836 |
||
| 999 |
_c33633 _d33633 |
||